Riconosci l'Anno dagli eventi - Quiz n°264 - Statistics

Statistiche generali
  • Questo quiz è stato fatto 13 volte
  • Il punteggio medio è 13 su 15
Statistiche sulle risposte
Indizio Risposta % Corretto
E 10 febbraio – Italia: Giuseppe Mazzini lascia l'Italia e affronta l'esilio in Francia, a Marsiglia.
100%
F 22 marzo: viene istituita la Legione straniera.
100%
G 25 marzo: Battaglia delle Celle - Un esercito di circa 1500 patrioti italiani affrontano le truppe austriache, accorse in Italia per sedare la rivolta popolare nelle legazioni di Ravenna, Forlì, Bologna e Ferrara contro il potere pontificio.
100%
D 2 febbraio: Viene eletto papa il cardinale Mauro Alberto Cappellari, il quale assume il nome di Gregorio XVI.
100%
C Esce la versione completa del Faust di Goethe.
100%
B Robert Brown osserva per la prima volta il nucleo cellulare in alcune cellule vegetali.
100%
A Viene teorizzata la legge di Faraday-Neumann.
100%
H 25 aprile – New York: prima di The Lion of the West, commedia dedicata all'eroe popolare Davy Crockett.
92%
I 27 aprile: a Torino muore Carlo Felice e gli succede sul trono del Regno di Sardegna il nipote Carlo Alberto.
92%
L 26 maggio: a Modena viene giustiziato, mediante impiccagione, Ciro Menotti.
83%
M 26 giugno: Leopoldo I diventa il primo re dei belgi.
75%
N Luglio: Giuseppe Mazzini fonda la Giovine Italia.
75%
O 15 novembre: le grandi potenze riunite a Londra pubblicano il Protocollo dei XXIV articoli, destinato a ratificare l'indipendenza del Belgio dai Paesi Bassi.
67%
P 27 dicembre: Charles Darwin s'imbarca per il suo storico viaggio a bordo del HMS Beagle.
67%
Anno 1831
50%
Nessun quiz corrispondente trovato
Distribuzione punteggi
Percentuale di utenti per punteggio
Percentile per numero di risposta
I tuoi punteggi nel tempo
Non hai fatto questo quiz